Effect of different rate of urea fertilizer on green mustard ( brassica juncea) at crop station in the Roayl University of Agriculture; ឥទ្ធិពលកម្រិតជីគីមីខុសៗគ្នាលើដំណាំស្ពៃខៀវនៅស្ថានីយ៍ពីសោធន៍ដំណាំនៃសាកលវិទ្យាល័យភូមិន្ទកសិកម្ម (Record no. 10729)

000 -LEADER
fixed length control field 00762nam a22001217a 4500
040 ## - CATALOGING SOURCE
Transcribing agency RUA
082 ## - DEWEY DECIMAL CLASSIFICATION NUMBER
Classification number AGR SEA 2015 B521 Or.
100 ## - MAIN ENTRY--AUTHOR NAME
Personal name SEANG DAROTH; ស៊ាង ដារ៉ូត
245 ## - TITLE STATEMENT
Title Effect of different rate of urea fertilizer on green mustard ( brassica juncea) at crop station in the Roayl University of Agriculture; ឥទ្ធិពលកម្រិតជីគីមីខុសៗគ្នាលើដំណាំស្ពៃខៀវនៅស្ថានីយ៍ពីសោធន៍ដំណាំនៃសាកលវិទ្យាល័យភូមិន្ទកសិកម្ម
300 ## - PHYSICAL DESCRIPTION
Number of Pages vii; 40p;
Other physical details ill;
Dimensions 29cm;
856 ## - ELECTRONIC LOCATION AND ACCESS
Uniform Resource Identifier https://drive.google.com/file/d/1OtxNHpWdcwJnaZ_DapHVJhq_nbGVRzs1/view?usp=sharing
942 ## - ADDED ENTRY ELEMENTS (KOHA)
Koha item type AGR
952 ## - LOCATION AND ITEM INFORMATION (KOHA)
Withdrawn status [LOCAL, KOHA] 0
952 ## - LOCATION AND ITEM INFORMATION (KOHA)
Withdrawn status [LOCAL, KOHA] 0
952 ## - LOCATION AND ITEM INFORMATION (KOHA)
Withdrawn status [LOCAL, KOHA] 0
952 ## - LOCATION AND ITEM INFORMATION (KOHA)
Withdrawn status [LOCAL, KOHA] 0
952 ## - LOCATION AND ITEM INFORMATION (KOHA)
Withdrawn status [LOCAL, KOHA] 0
952 ## - LOCATION AND ITEM INFORMATION (KOHA)
Withdrawn status [LOCAL, KOHA] 0
952 ## - LOCATION AND ITEM INFORMATION (KOHA)
Withdrawn status [LOCAL, KOHA] 0
952 ## - LOCATION AND ITEM INFORMATION (KOHA)
Withdrawn status [LOCAL, KOHA] 0
952 ## - LOCATION AND ITEM INFORMATION (KOHA)
Withdrawn status [LOCAL, KOHA] 0
952 ## - LOCATION AND ITEM INFORMATION (KOHA)
Withdrawn status [LOCAL, KOHA] 0
Holdings
Permanent Location Date acquired Koha item type Lost status Shelving location Barcode Current Location Full call number
Library Block B2016-11-04AGR B521RUA061382Library Block BAGR SEA 2015 B521 Or.1
Library Block B2016-11-04AGR B521A01282Library Block BAGR SEA 2015 B521 Or.2
Library Block B2016-11-04AGR B521A00902Library Block BAGR SEA 2015 B521 Or.3
Library Block B2016-11-04AGR B521A00584Library Block BAGR SEA 2015 B521 Or.4
Library Block B2016-11-04AGR B521A01203Library Block BAGR SEA 2015 B521 Or.5
Library Block B2016-11-04AGR B521A02461Library Block BAGR SEA 2015 B521 Or.6
Library Block B2016-11-04AGR B521A02211Library Block BAGR SEA 2015 B521 Or.7
Library Block B2016-11-04AGR B521A02549Library Block BAGR SEA 2015 B521 Or.8
Library Block B2021-12-17AGR B642a066238Library Block BAGR SEA 2015 B642 Or.1
Library Block B2021-12-17AGR B642a066128Library Block BAGR SEA 2015 B642 Or.1
មជ្ឈមណ្ឌលឯការនៃសាកលវិទ្យាល័យភូមិន្ទកសិកម្មចំការដូង

Powered by Koha